FNCS 2026 Summit LAN Players - Statistics

General Stats
  • This quiz has been taken 5 times
  • The average score is 55 of 150
Answer Stats
Hint Answer % Correct
EU LCQ Akiira
80%
EU Grands Dandepuzo
80%
EU Grands Flickzy
80%
EU Grands Focus
80%
EU Grands Kami
80%
EU LCQ Kurama
80%
EU Grands Malibuca
80%
EU Grands MariusCow
80%
EU LCQ Momsy
80%
EU LCQ Mr Savage
80%
EU Grands Pablowingu
80%
EU LCQ Podasai
80%
EU Grands Scroll
80%
EU LCQ Seyyto
80%
EU Grands Shxrk
80%
EU Grands Sky
80%
EU LCQ Skyjump
80%
EU Grands T3eny
80%
EU Grands ThomasHD
80%
EU Grands Tjino
80%
EU LCQ Velo
80%
NA Grands Veno
80%
EU Grands Vico
80%
EU Grands Werex
80%
NA Grands Acorn
60%
NA Grands Ajerss
60%
OCE Grands Alex
60%
EU Grands Chap
60%
EU Grands Charyy
60%
NA Grands Clix
60%
NA Grands Cold
60%
NA Grands Curve
60%
EU Grands Darkos
60%
EU Grands Darm
60%
EU Grands Demus
60%
NAW LCQ Epikwhale
60%
NA Grands Higgs
60%
EU Grands IDrop
60%
EU Grands Japko
60%
BR LCQ K1ng
60%
NAW Grands Khanada
60%
BR LCQ KingBR
60%
AS Grands Koyota
60%
EU Grands Minori
60%
NA Grands Muz
60%
EU Grands Nxthan
60%
EU Grands Panzer
60%
NA Grands Peterbot
60%
EU Grands Pixie
60%
EU LCQ Pixx
60%
NA Grands Pollo
60%
NA Grands Rapid
60%
NA Grands Ritual
60%
EU Grands Swizzy
60%
NAW Grands VicterV
60%
ME Grands 7man1x
40%
BR Grands 916Gon
40%
EU LCQ Belusi
40%
NA Grands Boltz
40%
NA LCQ Cam
40%
ME Grands Controller
40%
NA Grands Cooper
40%
NA LCQ Eomzo
40%
BR LCQ Fazer
40%
EU LCQ Ghost
40%
EU LCQ Izzi
40%
NA LCQ Josh
40%
EU LCQ Juu
40%
NA LCQ Kingaling
40%
NA Grands Kirillian
40%
NA LCQ Kraez
40%
EU Grands Nebs
40%
EU LCQ Nociff
40%
NA Grands Reet
40%
EU Grands Repairs
40%
EU Grands Scary
40%
EU Grands Shur4
40%
NA LCQ Skqttles
40%
EU Grands Syaaz
40%
EU LCQ Vadeal
40%
OCE Grands Wreckless
40%
AS Grands Yuma
40%
EU LCQ Zangi
40%
NA Grands Aminished
20%
AS LCQ Boby
20%
NA Grands Braydz
20%
OCE LCQ Cazi
20%
NA Grands Cole
20%
EU Grands Cr1nge
20%
EU Grands Cringe
20%
ME Grands FKS
20%
AS Grands Fukuun
20%
BR Grands Gabzera
20%
ME Grands Hero
20%
EU Grands JannisZ
20%
NA Grands Jargue
20%
NA Grands MaddenV
20%
AS Grands Minipiyo
20%
NAW Grands Minit
20%
EU Grands Noahreyli
20%
ME LCQ Phantom
20%
NAW LCQ Pxmp
20%
ME LCQ QnDX
20%
NA LCQ Shadow
20%
NA Grands Sphinx
20%
OCE Grands Tinka
20%
EU Grands Twi
20%
NA LCQ Vergo
20%
NA Grands Visxals
20%
EU Grands Volko
20%
NA Grands Xavi
20%
ME Grands 7med
0%
NAW Grands Bdawg
0%
AS Grands Bot
0%
NA Grands Channce
0%
EU Grands Cheatinn
0%
NAW LCQ Chris
0%
ME LCQ DaNicush
0%
OCE LCQ Deymo
0%
NAW Grands Doxey
0%
NA LCQ Golden
0%
BR Grands Grx
0%
NA LCQ Jayse
0%
OCE Grands Jerald
0%
BR Grands Jxness
0%
AS Grands LBWorks
0%
BR Grands Lewa
0%
NA LCQ Liam
0%
AS LCQ Nalu
0%
BR Grands Night
0%
BR Grands Nuti
0%
NA Grands Nvtylerh
0%
NA LCQ Osydd
0%
NA LCQ Ozone
0%
AS LCQ Rainy
0%
BR Grands Randu
0%
OCE Grands Resignz
0%
EU Grands Rezon ay
0%
BR Grands Romero
0%
ME Grands Rxtr
0%
OCE LCQ Sazers
0%
NA LCQ Scare
0%
AS LCQ Taiya
0%
BR LCQ Teuzz
0%
BR Grands TheFeloz
0%
ME LCQ Tiggz
0%
OCE Grands Vazen
0%
OCE LCQ Xavier
0%
NAW Grands Xpon
0%
NAW LCQ Zyro
0%
No matching quizzes found
Score Distribution
Percent of People with Each Score
Percentile by Number Answered
Your Score History
You have not taken this quiz